01160nam a2200289 a 450000100060000000300080000600500170001400800410003103500160007203500190008804000370010704100080014408200200015210000390017224500620021126000550027330000230032850001110035150400500046260000390051265000450055165000560059665000560065294200120070899900170072095201330073717875BD-RjUL20211209000214.0140219r19611957cau b 001 0 eng d aoxf98200108 a(BD-RjUL)17933 aHLScHLSdOCLdm.cdBD-RjULbeng aeng04a821.8bRAM 19611 aRaleigh, John Henry,d1920-95517110aMatthew Arnold and American culture /cJohn Henry Raleigh aBerkeley :bUniversity of California Press,c1961. ax, 301 p. ;c21 cm a"Originally published in 1957 as volume 17 of the University of California publications: English studies." aIncludes bibliographical references and index10aArnold, Matthew,d1822-1888955140 0aCriticismzUnited StatesxHistory954131 0aComparative literaturexEnglish and American955172 0aComparative literaturexAmerican and English955173 2ddccBK c17875d17875 00102ddc40718FICaRUCLbRUCLcReadingd1963-10-30eThomasg9.75l0o821.8 RAM 1961r2014-02-19 00:00:00tC-1w2014-02-19yBK